000 00967nam a2200289 i 4500
003 EG-GICUC
005 20260126182518.0
008 260126s1901 -uk||||fr|||| 00| 0 eng d
040 _aEG-GiCUC
_beng
_cEG-GiCUC
_dEG-GiCUC
_erda
041 0 _aeng
082 0 4 _221
_a341.8
_bGO . T
092 0 4 _221
099 _aLaw1 11 341.8 GO . T 1901
100 1 _aGoffin, R. J. R
_eAuthor.
245 0 1 _aThe Testamentary Executor in England And Elsewhere /
_cBy R. J. R. Goffin, M.a., Ll.m.
264 1 _aLondon :
_bC. J. Clay And Sons Cambridge University Press Warehouse,
_c1901.
300 _a136 pages,
_c24 cm
336 _2rda content
_atext
337 _2rda media
_aComputer
338 _2rda carrier
_aOnline Resource
500 _a(Being The Yorke Prize Essay For The Year)
546 _aText in English
650 1 4 _aPrivate international law
856 4 0 _uhttps://fll.law.cu.edu.eg/fulltext/bks/B12-02236.pdf
905 _a48
942 _2ddc
_cBK
_e21
_n0
999 _c59511
_d59511